000 00916nam a2200217 a 4500
003 0
005 20250331124131.0
008 050809s19uu xx 00 eng d
050 _aPGS HE 5614.3
_b.Al366 2005
100 _aAlejandro, Christine Erine A.
245 _aRoad safety consciousness of bus drivers of MAFEL corporation /
_cChristine Erine A. Alejandro.
260 _aLas PiƱas City, Philippines :
_bSouthville International School and Colleges,
_c2005.
300 _a49 pages :
_billustrations ;
_c28 cm.
504 _aIncludes bibliographical references.
650 _aTraffic safety
_vBus drivers
_vAwareness and perception.
650 _aBus drivers
_vRoad safety consciousness.
650 _aDriving behavior
_vImpact on road safety.
650 _aProfessional drivers
_vTraffic regulations and compliance.
650 _aAccident prevention
_vPublic transport sector.
942 _2lcc
_cPASS
999 _c97334
_d97334